Rajendra Yadav ke upanyason mein madhyavargiya (Record no. 37128)

000 -LEADER
fixed length control field 00433nam a22001571a 4500
020 ## - INTERNATIONAL STANDARD BOOK NUMBER
Terms of availability 0.00
040 ## - CATALOGING SOURCE
Original cataloging agency SSUS - Library - Kalady
082 ## - DEWEY DECIMAL CLASSIFICATION NUMBER
Classification number H300 9 CHA RAJ
Item number N95
100 ## - MAIN ENTRY--PERSONAL NAME
Personal name Arjun Chavan
245 ## - TITLE STATEMENT
Title Rajendra Yadav ke upanyason mein madhyavargiya
Medium [Text]
260 ## - PUBLICATION, DISTRIBUTION, ETC.
Place of publication, distribution, etc. New Delhi
Name of publisher, distributor, etc. Radhakrishna
Date of publication, distribution, etc. 1995
300 ## - PHYSICAL DESCRIPTION
Extent 265p.
600 ## - SUBJECT ADDED ENTRY--PERSONAL NAME
Personal name Novel Hindi Criticism
852 ## - LOCATION
-- 175.00
--
942 ## - ADDED ENTRY ELEMENTS (KOHA)
Koha item type Book
Holdings
Withdrawn status Lost status Damaged status Not for loan Permanent Location Current Location Date acquired Cost, normal purchase price Total Checkouts Full call number Barcode Date last seen Cost, replacement price Price effective from Koha item type
        Sree Sankaracharya University of Sanskrit Sree Sankaracharya University of Sanskrit 08.01.2015 175.00   H300 9 CHA RAJ N95 5755 08.01.2015 0.00 08.01.2015 Book